000 00817cab a2200253 4500
001 WB3436-12
008 090401t1998 xxu||||| |||| 00| 0 eng d
035 _a(Sirsi) u88676
041 _aeng
245 _aPower cables cancer link
260 _c1998
350 _a0
490 _aScotsman
_v25 September 1998, 11(1)
520 _aResearch carried out at Bristol University suggests that corona ions created by power lines may react with air-borne pollutants to make them more potent, increasing the risk of childhood cancers for those living nearby.
650 _aCANCER
650 _aCARCINOGENS
650 _aELECTROMAGNETIC FIELDS
650 _aPOLLUTION
650 _aPOWER CABLES
650 _aPOWER LINES
690 _aENVIRONMENTAL AND LAND CONSULTANCY
942 _n0
948 _c25/09/1998
999 _c56063
_d56063